[Event "Muscat-ch op"]
[Site "Muscat"]
[Date "2024.12.29"]
[Round "6"]
[White "Mithran, Krishnakumar"]
[Black "Al Ansi, Amin Hassan"]
[Result "1-0"]
[WhiteElo "1630"]
[BlackElo "1825"]
[PlyCount "77"]
[EventDate "2024.12.26"]
[EventType "swiss"]
[EventRounds "9"]
[EventCountry "OMN"]
[SourceTitle "CB01_2025"]
[SourceDate "2025.01.01"]
[SourceVersion "1"]
[SourceVersionDate "2025.01.01"]
[SourceQuality "1"]

1. e4 d5 2. exd5 Qxd5 3. Nc3 Qd6 4. d4 Nf6 5. Nf3 Bg4 6. Be2 a6 7. h3 Bh5 8. Be3 Nc6 9. Qd2 e6 10. a3 0-0-0 11. 0-0-0 h6 12. g4 Bg6 13. Bd3 Bxd3 14. Qxd3 Nd5 15. Ne4 Qd7 16. c4 Nxe3 17. fxe3 f6 18. Qc2 Qf7 19. Rhf1 Be7 20. Nc3 Qe8 21. d5 exd5 22. cxd5 Na7 23. Nd4 Bd6 24. Ne6 Rd7 25. Ne4 Qe7 26. Kb1 Kb8 27. Rc1 c6 28. Qb3 Ka8 29. Rfd1 Re8 30. N4c5 Bxc5 31. Nxc5 Rxd5 32. Rxd5 cxd5 33. Qxd5 Nc8 34. Nxa6 Nb6 35. Nc7+ Kb8 36. Qa5 Qe4+ 37. Ka2 Qxe3 38. Rc3 Qe5 39. Rc5 1-0

[Event "Muscat-ch op"]
[Site "Muscat"]
[Date "2024.12.28"]
[Round "5"]
[White "Bait Said, Manaf Salim"]
[Black "Mithran, Krishnakumar"]
[Result "1/2-1/2"]
[WhiteElo "1750"]
[BlackElo "1630"]
[PlyCount "52"]
[EventDate "2024.12.26"]
[EventType "swiss"]
[EventRounds "9"]
[EventCountry "OMN"]
[SourceTitle "CB01_2025"]
[SourceDate "2025.01.01"]
[SourceVersion "1"]
[SourceVersionDate "2025.01.01"]
[SourceQuality "1"]

1. d4 Nf6 2. Nf3 d5 3. Bf4 c5 4. Nc3 Nc6 5. e3 Qb6 6. Na4 Qa5+ 7. c3 cxd4 8. exd4 e6 9. b4 Qd8 10. Bb5 Bd7 11. Nc5 Bxc5 12. dxc5 Ne4 13. Qc1 0-0 14. Bxc6 Bxc6 15. 0-0 Qf6 16. Be5 Qg6 17. Nd4 f6 18. Bf4 e5 19. Nxc6 bxc6 20. Be3 f5 21. f3 Nf6 22. Bg5 Nh5 23. Be7 Rf7 24. Bd6 Nf4 25. g3 Nh5 26. Qd2 Nf4 1/2-1/2

[Event "Qatar Masters op-B"]
[Site "Doha"]
[Date "2024.12.03"]
[Round "1"]
[White "Mithran, Krishnakumar"]
[Black "Alhassadi, Yousef A"]
[Result "0-1"]
[WhiteElo "1630"]
[BlackElo "2120"]
[PlyCount "88"]
[EventDate "2024.12.03"]
[EventType "swiss"]
[EventRounds "9"]
[EventCountry "QAT"]
[SourceTitle "CB51_2024"]
[SourceDate "2024.12.18"]
[SourceVersion "1"]
[SourceVersionDate "2024.12.18"]
[SourceQuality "1"]

1. e4 c5 2. Nc3 e6 3. Nge2 Nc6 4. d4 cxd4 5. Nxd4 Nf6 6. Be2 Qc7 7. Ndb5 Qb8 8. 0-0 Bc5 9. Na4 Be7 10. Nac3 0-0 11. Be3 a6 12. Nd4 b5 13. a3 Bb7 14. Nb3 d6 15. f4 Qc7 16. Qe1 Nb8 17. Bf3 Nbd7 18. Qg3 e5 19. f5 Kh8 20. Qh3 a5 21. Rac1 b4 22. axb4 axb4 23. Nd5 Bxd5 24. exd5 e4 25. Be2 Nxd5 26. Bd4 Bf6 27. Bxf6 N7xf6 28. g4 Qb6+ 29. Kh1 Qe3 30. Qxe3 Nxe3 31. Rg1 Ra2 32. Rb1 Nxc2 33. g5 Nd5 34. Rgd1 Nce3 35. Rd4 Re8 36. Bb5 Re5 37. Rc1 Ra8 38. Nd2 Nxf5 39. Rdc4 g6 40. Nxe4 Nde7 41. Rxb4 Rb8 42. Ra1 Nd5 43. Rba4 Rxb5 44. Ra8+ Kg7 0-1